A history of anthropological theory / (Record no. 1615)
[ view plain ]
| 000 -LEADER | |
|---|---|
| fixed length control field | 00715cam a2200217 4500 |
| 001 - CONTROL NUMBER | |
| control field | 2066 |
| 005 - DATE AND TIME OF LATEST TRANSACTION | |
| control field | 20181127164508.0 |
| 008 - FIXED-LENGTH DATA ELEMENTS--GENERAL INFORMATION | |
| fixed length control field | 980121s1998 onca b 001 0 eng d |
| 010 ## - LIBRARY OF CONGRESS CONTROL NUMBER | |
| LC control number | 98211617 |
| 020 ## - INTERNATIONAL STANDARD BOOK NUMBER | |
| International Standard Book Number | 1551111985 |
| 100 1# - MAIN ENTRY--PERSONAL NAME | |
| Personal name | Erickson, Paul A. |
| 245 12 - TITLE STATEMENT | |
| Title | A history of anthropological theory / |
| Statement of responsibility, etc. | Paul A. Erickson with Liam D. Murphy. |
| 260 ## - PUBLICATION, DISTRIBUTION, ETC. | |
| Place of publication, distribution, etc. | Peterborough, Ont. : |
| Name of publisher, distributor, etc. | Broadview Press, |
| Date of publication, distribution, etc. | c1998. |
| 300 ## - PHYSICAL DESCRIPTION | |
| Extent | 254 p. : |
| Other physical details | ill. ; |
| Dimensions | 23 cm. |
| 500 ## - GENERAL NOTE | |
| General note | Includes index. |
| 504 ## - BIBLIOGRAPHY, ETC. NOTE | |
| Bibliography, etc. note | Includes bibliographical references: p. 191-238. |
| 650 #0 - SUBJECT ADDED ENTRY--TOPICAL TERM | |
| Topical term or geographic name entry element | Anthropology |
| General subdivision | History. |
| Topical term or geographic name entry element | Anthropology |
| General subdivision | Philosophy. |
| Topical term or geographic name entry element | Anthropologie |
| General subdivision | Philosophie. |
| 700 1# - ADDED ENTRY--PERSONAL NAME | |
| Personal name | Murphy, Liam D. |
| Fuller form of name | (Liam Donat), |
| Dates associated with a name | 1968- |
| Withdrawn status | Lost status | Source of classification or shelving scheme | Damaged status | Not for loan | Collection code | Home library | Current library | Shelving location | Date acquired | Serial Enumeration / chronology | Inventory number | Total Checkouts | Full call number | Barcode | Date last seen | Date last checked out | Price effective from | Koha item type |
|---|---|---|---|---|---|---|---|---|---|---|---|---|---|---|---|---|---|---|
| Dewey Decimal Classification | Main TEST | RTC Library | RTC Library | Main opac | 12/01/2022 | 2039 | 1 | 301.01 ERI | 30005423 | 12/01/2022 | 27/07/2020 | 27/11/2018 | Main |